[Event "V Open A"]
[Site "Assisi ITA"]
[Date "2010.12.20"]
[Round "4"]
[White "Occhioni, Edmondo"]
[Black "Calandri, Fausto"]
[Result "0-1"]
[WhiteElo "1826"]
[BlackElo "2125"]
[PlyCount "76"]
[EventDate "2010.12.17"]

1. e4 d5 2. exd5 Qxd5 3. Nc3 Qa5 4. d4 Nf6 5. Bc4 c6 6. Nf3 Bf5 7. Ne5 e6 8. g4
Bg6 9. Bd2 Nbd7 10. Nxg6 hxg6 11. g5 Nh5 12. Qf3 Qc7 13. O-O-O Nb6 14. Bb3
O-O-O 15. Be3 Bd6 16. h4 Nd5 17. Nxd5 cxd5 18. Kb1 Kb8 19. Rc1 b5 20. a4 a6 21.
axb5 axb5 22. Qe2 Qc6 23. Qd2 Rd7 24. c3 Ra7 25. Kc2 Kc7 26. Kd1 Kd7 27. c4
dxc4 28. d5 exd5 29. Bxa7 d4 30. Re1 Qf3+ 31. Kc2 Qxb3+ 32. Kb1 Nf4 33. Qxd4
Qd3+ 34. Qxd3 Nxd3 35. Red1 Nxc1 36. Kxc1 Kc6 37. Kc2 Rxh4 38. b3 Bc5 0-1

[Event "V Open A"]
[Site "Assisi ITA"]
[Date "2010.12.20"]
[Round "4"]
[White "Pastore, Cosmas"]
[Black "Cicioni, Luigi"]
[Result "1-0"]
[WhiteElo "1841"]
[BlackElo "1815"]
[PlyCount "116"]
[EventDate "2010.12.17"]

1. e4 c5 2. c3 d5 3. exd5 Qxd5 4. d4 Nf6 5. Nf3 Bg4 6. Be2 e6 7. Na3 cxd4 8.
Nb5 Qd8 9. Nbxd4 Nc6 10. O-O Be7 11. h3 Bh5 12. Bf4 O-O 13. Nxc6 bxc6 14. Nd4
Bxe2 15. Qxe2 Qb6 16. Rad1 Nd5 17. Bc1 Bf6 18. Qc2 Rfd8 19. Nf3 Qa6 20. a3 Qc4
21. Bg5 Bxg5 22. Nxg5 Qh4 23. Nf3 Qh5 24. Rd4 Qg6 25. Qxg6 hxg6 26. Rfd1 Rdb8
27. R4d2 Nb6 28. Ne5 Na4 29. Nxc6 Rxb2 30. Rxb2 Nxb2 31. Rb1 Nc4 32. a4 a5 33.
Rb5 Ra6 34. Nd4 Nb6 35. Nb3 Nxa4 36. c4 Nc3 37. Rxa5 Rc6 38. Rc5 Rb6 39. Rc8+
Kh7 40. Nd4 Rb4 41. Nf3 Ne4 42. c5 Rc4 43. c6 Nd6 44. Rc7 Nb5 45. Rxf7 Rxc6 46.
Rf8 g5 47. Nxg5+ Kg6 48. Nf3 Rc1+ 49. Kh2 Rc5 50. Kg3 Nd6 51. Nh4+ Kh7 52. f4
Ne4+ 53. Kf3 Nf6 54. Ke3 Nd5+ 55. Kd4 Ra5 56. Nf3 Nf6 57. Ng5+ Kg6 58. Nxe6
58... Rd5+ {...} 1-0

[Event "V Open A"]
[Site "Assisi ITA"]
[Date "2010.12.20"]
[Round "5"]
[White "Aleksic, Nenad"]
[Black "Marsili, Riccardo"]
[Result "1-0"]
[WhiteElo "2359"]
[BlackElo "1938"]
[PlyCount "57"]
[EventDate "2010.12.17"]

1. e4 c5 2. Nf3 Nc6 3. d4 cxd4 4. Nxd4 g6 5. Nc3 Bg7 6. Be3 Nf6 7. Bc4 O-O 8.
O-O d6 9. h3 Bd7 10. Bb3 Nxd4 11. Bxd4 b5 12. Qd3 Qa5 13. Rfe1 b4 14. Nd5 e5
15. Nxf6+ Bxf6 16. Be3 Be7 17. Bh6 Rfd8 18. Qf3 Be8 19. g3 Qc7 20. h4 Rdc8 21.
h5 Qd8 22. hxg6 hxg6 23. Kg2 Bg5 24. Rh1 Qf6 25. Bxg5 Qxg5 26. Rh4 Kf8 27. Rg4
Qh6 28. Qf6 Rd8 29. Rh1 1-0

[Event "V Open A"]
[Site "Assisi ITA"]
[Date "2010.12.20"]
[Round "5"]
[White "Calandri, Fausto"]
[Black "Leon Hoyos, Manuel"]
[Result "1/2-1/2"]
[WhiteElo "2125"]
[BlackElo "2570"]
[PlyCount "117"]
[EventDate "2010.12.17"]

1. e4 c5 2. Nf3 d6 3. d4 cxd4 4. Nxd4 Nf6 5. Nc3 Nc6 6. f3 e5 7. Nb3 Be7 8. Be3
a5 9. Bb5 O-O 10. Qd2 Be6 11. O-O-O Na7 12. Bd3 Nc8 13. Kb1 a4 14. Nc1 Nb6 15.
Qf2 Nfd7 16. a3 Qc7 17. N1a2 Nc4 18. Bxc4 Qxc4 19. Nb4 Rfc8 20. Qf1 f5 21. Qxc4
Rxc4 22. Ncd5 Bf8 23. exf5 Bxf5 24. Rd2 Rac8 25. Re1 h6 26. Ree2 Kf7 27. Bf2
Be6 28. Re3 g6 29. Rc3 Bxd5 30. Nxd5 Rxc3 31. Nxc3 Rc4 32. Rd5 g5 33. Ra5 g4
34. Rxa4 Rxa4 35. Nxa4 gxf3 36. gxf3 Ke6 37. Kc1 d5 38. Nc3 h5 39. Kd1 Bd6 40.
Ke2 Nf8 41. Kf1 Ng6 42. a4 Bb4 43. Ne2 Bd2 44. Kg2 d4 45. h3 Kd5 46. Kf1 Bg5
47. Bg3 Bh6 48. Bf2 Bg5 49. Be1 Bh6 50. Bf2 Ne7 51. Ng3 h4 52. Ne4 Ng6 53. Be1
Bc1 54. b3 Be3 55. Ba5 Nf4 56. Bd8 Ng6 57. Ba5 Ne7 58. Bd8 Ng6 59. Ba5 1/2-1/2

[Event "V Open A"]
[Site "Assisi ITA"]
[Date "2010.12.20"]
[Round "5"]
[White "Madiai, Federico"]
[Black "Occhioni, Edmondo"]
[Result "1-0"]
[WhiteElo "2135"]
[BlackElo "1826"]
[PlyCount "54"]
[EventDate "2010.12.17"]

1. g3 d5 2. Nf3 c5 3. Bg2 Nc6 4. d4 e6 5. O-O Nf6 6. c4 cxd4 7. Nxd4 Be7 8. Nc3
O-O 9. cxd5 exd5 10. Be3 Bg4 11. Rc1 Ne5 12. h3 Be6 13. Bf4 Nc6 14. Ncb5 Qd7
15. Nxc6 bxc6 16. Nd4 c5 17. Nxe6 fxe6 18. e4 d4 19. b4 Rac8 20. bxc5 Bxc5 21.
Qd3 Qe7 22. e5 Nd7 23. h4 Bb6 24. Rc4 Nc5 25. Qxd4 Rcd8 26. Qc3 Rd3 27. Qc2 h6
1-0

[Event "V Open A"]
[Site "Assisi ITA"]
[Date "2010.12.20"]
[Round "5"]
[White "Zenatto, Giuliano"]
[Black "Epishin, Vladimir V."]
[Result "0-1"]
[WhiteElo "1775"]
[BlackElo "2591"]
[PlyCount "49"]
[EventDate "2010.12.17"]

1. d4 c5 2. c3 Qa5 3. dxc5 Qxc5 4. Nf3 Nf6 5. Qd4 Qc7 6. Bf4 d6 7. Qd2 e5 8.
Bg5 Nbd7 9. h3 Be7 10. Qc2 O-O 11. Nh4 g6 12. Bh6 Re8 13. Nf3 Nc5 14. e3 Bf5
15. Qc1 Nd3+ 16. Bxd3 Bxd3 17. Nbd2 d5 18. Nb3 a5 19. Qd2 Bc4 20. Qc2 Nd7 21.
Rd1 e4 22. Nfd2 Bd3 23. Qc1 Qb6 24. Nd4 Rac8 25. f3 0-1

[Event "V Open A"]
[Site "Assisi ITA"]
[Date "2010.12.20"]
[Round "6"]
[White "Calandri, Fausto"]
[Black "Madiai, Federico"]
[Result "0-1"]
[WhiteElo "2125"]
[BlackElo "2135"]
[PlyCount "114"]
[EventDate "2010.12.17"]

1. e4 c5 2. Nf3 d6 3. d4 cxd4 4. Nxd4 Nf6 5. Nc3 e6 6. Be2 Be7 7. O-O Nc6 8.
Be3 O-O 9. f4 Bd7 10. a4 Nb4 11. Bf3 e5 12. Nf5 Be6 13. Rf2 exf4 14. Bxf4 Bxf5
15. exf5 d5 16. Be3 Qd7 17. Bd4 Qxf5 18. Bxd5 Qd7 19. Bf3 Rfd8 20. Rd2 Nc6 21.
Be3 Qe6 22. Bf2 a6 23. Rxd8+ Rxd8 24. Qe1 Qxe1+ 25. Rxe1 Bb4 26. Rd1 Bxc3 27.
Rxd8+ Nxd8 28. bxc3 Nc6 29. Bd4 Ne8 30. Kf2 Nc7 31. Ke3 Ne6 32. Bd5 Kf8 33. h4
g6 34. g4 Ke7 35. Be4 Kd6 36. h5 Ke7 37. hxg6 hxg6 38. Bf3 Kd6 39. Bb6 Ne5 40.
Be2 Kd5 41. Kf2 Nc5 42. Bxc5 Kxc5 43. Ke3 Kd5 44. Kf4 f6 45. Bd3 Ke6 46. Be2
Nd7 47. Bc4+ Kd6 48. Bf7 Nb6 49. Bxg6 Nxa4 50. c4 Nc5 51. c3 a5 52. Bb1 Ke6 53.
Bf5+ Kf7 54. g5 Ne6+ 55. Bxe6+ Kxe6 56. gxf6 a4 57. Kg5 Kf7 0-1

[Event "V Open A"]
[Site "Assisi ITA"]
[Date "2010.12.20"]
[Round "6"]
[White "Epishin, Vladimir V."]
[Black "Aleksic, Nenad"]
[Result "1-0"]
[WhiteElo "2591"]
[BlackElo "2359"]
[PlyCount "52"]
[EventDate "2010.12.17"]

1. d4 Nf6 2. c4 e6 3. Nf3 b6 4. g3 Bb7 5. Bg2 Be7 6. Nc3 Ne4 7. Bd2 f5 8. O-O
O-O 9. Re1 Bf6 10. Qc2 Nxc3 11. Bxc3 Be4 12. Qa4 d6 13. Rad1 Qe8 14. Qxe8 Rxe8
15. Bh3 Bb7 16. Nd2 Nc6 17. e3 Rad8 18. f4 a5 19. a3 g6 20. Bg2 Bg7 21. b4 axb4
22. axb4 Rb8 23. b5 Ne7 24. Bxb7 Rxb7 25. Ra1 Kf7 26. Kf1 26... Rc8 {...} 1-0

[Event "V Open A"]
[Site "Assisi ITA"]
[Date "2010.12.20"]
[Round "6"]
[White "Leon Hoyos, Manuel"]
[Black "Cicioni, Luigi"]
[Result "1-0"]
[WhiteElo "2570"]
[BlackElo "1815"]
[PlyCount "41"]
[EventDate "2010.12.17"]

1. e4 c5 2. Nf3 e6 3. g3 Nf6 4. e5 Nd5 5. Bg2 Nc6 6. O-O h5 7. h4 g5 8. Nxg5
Nxe5 9. Re1 f6 10. d4 Ng4 11. Bxd5 fxg5 12. Bxg5 Be7 13. Bxe7 Qxe7 14. Bf3 Rf8
15. Bxg4 hxg4 16. Nc3 b6 17. dxc5 Bb7 18. Ne4 Bxe4 19. Rxe4 Qxc5 20. Qe2 O-O-O
21. Rc4 1-0

[Event "V Open A"]
[Site "Assisi ITA"]
[Date "2010.12.20"]
[Round "6"]
[White "Marsili, Riccardo"]
[Black "Pastore, Cosmas"]
[Result "0-1"]
[WhiteElo "1938"]
[BlackElo "1841"]
[PlyCount "106"]
[EventDate "2010.12.17"]

1. e4 d5 2. exd5 Qxd5 3. Nc3 Qa5 4. Nf3 Nf6 5. d4 c6 6. Bc4 Bf5 7. O-O e6 8.
Qe2 Bb4 9. Bd2 O-O 10. a3 Bxc3 11. Bxc3 Qc7 12. Rfe1 Nbd7 13. Bd3 Bxd3 14. Qxd3
Nd5 15. Bd2 h6 16. c4 N5f6 17. b4 Rad8 18. Qe3 Rfe8 19. Bc3 b5 20. Qe2 bxc4 21.
Qxc4 Nd5 22. Bb2 a5 23. bxa5 Qxa5 24. Qxc6 N7b6 25. Qc2 Rc8 26. Qe2 Nc4 27. Ne5
Nxb2 28. Qxb2 Ra8 29. Qb7 Re7 30. Qb2 Rc7 31. h3 Rc3 32. Rec1 Rac8 33. Rxc3
Qxc3 34. Rb1 Qxb2 35. Rxb2 Rc1+ 36. Kh2 Ra1 37. Rb3 Ra2 38. Kg3 Ne7 39. Rd3
Nf5+ 40. Kf3 f6 41. Ng4 Nh4+ 42. Kg3 Nf5+ 43. Kh2 h5 44. Ne3 Rxf2 45. d5 exd5
46. Nxd5 Ra2 47. Nc3 Ra1 48. Rd8+ Kh7 49. Ra8 Kg6 50. a4 h4 51. Ne4 Ng3 52. Nf2
Rf1 53. Rh8 Kg5 0-1

[Event "V Open A"]
[Site "Assisi ITA"]
[Date "2010.12.20"]
[Round "6"]
[White "Occhioni, Edmondo"]
[Black "Zenatto, Giuliano"]
[Result "1-0"]
[WhiteElo "1826"]
[BlackElo "1775"]
[PlyCount "57"]
[EventDate "2010.12.17"]

1. e4 c5 2. Nf3 d6 3. d4 cxd4 4. Nxd4 Nf6 5. Nc3 a6 6. Be2 e6 7. a4 Be7 8. Be3
Qc7 9. Nb3 Nc6 10. O-O O-O 11. f4 b6 12. Qe1 Bb7 13. Bf3 Rac8 14. Qf2 Nd7 15.
Ne2 Nc5 16. Nxc5 dxc5 17. c3 Rfd8 18. Ng3 Rd7 19. e5 Na5 20. Rfe1 Bxf3 21. Qxf3
Rcd8 22. f5 exf5 23. Nxf5 Nc4 24. Qg4 Bf8 25. Qxc4 Re8 26. Bf4 Qc6 27. Nd6 Re6
28. Bg3 Bxd6 29. exd6 1-0

[Event "V Open A"]
[Site "Assisi ITA"]
[Date "2010.12.21"]
[Round "7"]
[White "Cicioni, Luigi"]
[Black "Aleksic, Nenad"]
[Result "0-1"]
[WhiteElo "1815"]
[BlackElo "2359"]
[PlyCount "66"]
[EventDate "2010.12.17"]

1. e4 c5 2. d4 cxd4 3. c3 dxc3 4. Nxc3 Nc6 5. Nf3 e6 6. Bf4 Bb4 7. Bc4 Nf6 8.
Qe2 O-O 9. O-O Bxc3 10. bxc3 d5 11. e5 dxc4 12. exf6 Qxf6 13. Qxc4 e5 14. Bg5
Qe6 15. Qh4 f6 16. Be3 b6 17. Rfd1 Bb7 18. Rd2 Rfd8 19. Rad1 Rxd2 20. Rxd2 Rd8
21. Rxd8+ Nxd8 22. Qa4 Bxf3 23. gxf3 Nc6 24. Qh4 h6 25. f4 Qd5 26. Qg4 Kf8 27.
Qg6 Qd1+ 28. Kg2 Ne7 29. Qh7 Qg4+ 30. Kf1 Qf5 31. Qh8+ Kf7 32. Qa8 Qd3+ 33. Kg2
Qd5+ 0-1

[Event "V Open A"]
[Site "Assisi ITA"]
[Date "2010.12.21"]
[Round "7"]
[White "Epishin, Vladimir V."]
[Black "Calandri, Fausto"]
[Result "1-0"]
[WhiteElo "2591"]
[BlackElo "2125"]
[PlyCount "69"]
[EventDate "2010.12.17"]

1. d4 e6 2. c4 Nf6 3. Nf3 b6 4. g3 Bb7 5. Bg2 Be7 6. Nc3 Ne4 7. Bd2 Bf6 8. O-O
O-O 9. Rc1 c5 10. d5 exd5 11. cxd5 Nxd2 12. Qxd2 d6 13. h4 Nd7 14. Ng5 Re8 15.
Nce4 Qe7 16. Rfe1 g6 17. Nxf6+ Nxf6 18. e4 Qf8 19. f4 h6 20. Nh3 Qg7 21. Nf2
Rad8 22. Bf3 h5 23. Re3 Nd7 24. Rce1 Re7 25. e5 Nf8 26. g4 dxe5 27. fxe5 Ne6
28. d6 Red7 29. Bxb7 Rxb7 30. gxh5 Nd4 31. Rg3 Re8 32. Ng4 Re6 33. Qg2 Rb8 34.
hxg6 Rxg6 35. h5 1-0

[Event "V Open A"]
[Site "Assisi ITA"]
[Date "2010.12.21"]
[Round "7"]
[White "Marsili, Riccardo"]
[Black "Leon Hoyos, Manuel"]
[Result "0-1"]
[WhiteElo "1938"]
[BlackElo "2570"]
[PlyCount "72"]
[EventDate "2010.12.17"]

1. e4 c5 2. Nf3 d6 3. d4 cxd4 4. Nxd4 Nf6 5. Nc3 g6 6. Be3 Bg7 7. Bc4 O-O 8. f3
a6 9. Qd2 Nbd7 10. O-O-O Ne5 11. Bb3 b5 12. h4 h5 13. Rdg1 Bd7 14. g4 hxg4 15.
h5 Nxh5 16. Bh6 Kh7 17. Bxg7 Kxg7 18. Rxh5 gxh5 19. Qg5+ Ng6 20. Nf5+ Bxf5 21.
exf5 e6 22. Qxd8 Raxd8 23. fxg6 gxf3 24. gxf7+ Kxf7 25. Ne4 d5 26. Ng5+ Ke7 27.
Rf1 Rf5 28. Nh3 Rg8 29. Kd2 Rg2+ 30. Ke3 f2 31. Ke2 Rg3 32. Nxf2 Rgf3 33. c3 h4
34. Bd1 h3 35. Ke1 Re3+ 36. Kd2 Rg3 0-1

[Event "V Open A"]
[Site "Assisi ITA"]
[Date "2010.12.21"]
[Round "7"]
[White "Zenatto, Giuliano"]
[Black "Madiai, Federico"]
[Result "0-1"]
[WhiteElo "1775"]
[BlackElo "2135"]
[PlyCount "26"]
[EventDate "2010.12.17"]

1. d4 Nf6 2. Nf3 e6 3. c4 d5 4. g3 dxc4 5. Qa4+ Bd7 6. Qxc4 Bc6 7. Bg2 Bd5 8.
Qc2 Be4 9. Qd2 Nc6 10. a3 Nxd4 11. O-O Nb3 12. Qxd8+ Rxd8 13. Ra2 Bxb1 0-1

[Event "V Open B"]
[Site "Assisi ITA"]
[Date "2010.12.17"]
[Round "1"]
[White "Bartoli Langeli, Cesare"]
[Black "Bertolini, Ettore"]
[Result "0-1"]
[WhiteElo "1410"]
[BlackElo "1817"]
[PlyCount "52"]
[EventDate "2010.12.17"]

1. d4 Nf6 2. Nf3 b6 3. e3 Bb7 4. Bd3 g6 5. Nbd2 Bg7 6. b3 O-O 7. Bb2 d6 8. O-O
Nbd7 9. Re1 c5 10. c4 Ne8 11. Rb1 e5 12. d5 f5 13. e4 f4 14. g3 Bh6 15. Nh4 Ng7
16. Ndf3 Nf6 17. Nxe5 fxg3 18. fxg3 dxe5 19. Bxe5 Bc8 20. Bxf6 Qxf6 21. Rf1
Qd4+ 22. Kh1 Bh3 23. Rf3 g5 24. Nf5 Nxf5 25. Rxf5 Bxf5 26. exf5 Rae8 0-1

[Event "V Open B"]
[Site "Assisi ITA"]
[Date "2010.12.17"]
[Round "1"]
[White "Ferri, Fabio"]
[Black "Federici, Giacomo"]
[Result "1-0"]
[WhiteElo "1810"]
[BlackElo "1356"]
[PlyCount "89"]
[EventDate "2010.12.17"]

1. c4 c6 2. Nc3 Nf6 3. e4 d6 4. d4 e6 5. Nf3 Nbd7 6. Be2 h6 7. O-O Qc7 8. Rb1
e5 9. b4 a6 10. dxe5 Nxe5 11. Nxe5 dxe5 12. c5 Be7 13. f4 exf4 14. Bxf4 Qd7 15.
Bd6 O-O 16. e5 Ng4 17. Bxg4 Qxg4 18. Qxg4 Bxg4 19. Bxe7 Rfe8 20. Bd6 Be6 21.
Rb2 Rac8 22. Na4 Bc4 23. Rd1 Bd5 24. Nb6 Rcd8 25. Nxd5 cxd5 26. Rxd5 Re6 27.
Rbd2 Rde8 28. a4 f6 29. exf6 Rxf6 30. Bg3 Ref8 31. Rd1 b6 32. Rd8 bxc5 33.
Rxf8+ Kxf8 34. bxc5 Rc6 35. Rb1 Kg8 36. Bd6 Rc8 37. Rb8 Rxb8 38. Bxb8 Kf8 39.
c6 Ke8 40. Bc7 h5 41. Kf2 g6 42. Kf3 g5 43. h4 g4+ 44. Kf4 Ke7 45. Kg5 1-0

[Event "V Open B"]
[Site "Assisi ITA"]
[Date "2010.12.17"]
[Round "1"]
[White "Herbert, Michael"]
[Black "Rocchetti, Sergio"]
[Result "1-0"]
[WhiteElo "1820"]
[BlackElo "1422"]
[PlyCount "89"]
[EventDate "2010.12.17"]

1. d4 Nf6 2. c4 e6 3. Nf3 Be7 4. Nc3 d5 5. cxd5 exd5 6. Bg5 Nc6 7. h3 Be6 8. e3
O-O 9. Rc1 a6 10. Bd3 h6 11. Bf4 Nb4 12. Bb1 c5 13. dxc5 Bxc5 14. O-O Ba7 15.
a3 Nc6 16. Qd3 h5 17. Bg5 g6 18. e4 d4 19. Ne2 Qe7 20. Ng3 Bd7 21. Rfe1 Ne5 22.
Nxe5 Qxe5 23. f4 Qe6 24. f5 Qe5 25. Ba2 Bb8 26. Bxf6 Qxf6 27. fxg6 Qxg6 28. Nf5
Qf6 29. Rc5 b6 30. Rd5 Bb5 31. Qxd4 Qxd4+ 32. Nxd4 Be8 33. Rxh5 b5 34. Bd5 Ra7
35. e5 Kg7 36. Re3 Rg8 37. Bc6 Bxc6 38. Nxc6 Rb7 39. Nxb8 Rbxb8 40. e6 Rbd8 41.
exf7 Kxf7 42. b4 Rd1+ 43. Kh2 Rd2 44. Rf5+ Kg7 45. Rg3+ 1-0

[Event "V Open B"]
[Site "Assisi ITA"]
[Date "2010.12.17"]
[Round "1"]
[White "Kehrel, Eike"]
[Black "Bassini, Massimo"]
[Result "1-0"]
[WhiteElo "2072"]
[BlackElo "1562"]
[PlyCount "47"]
[EventDate "2010.12.17"]

1. e4 e5 2. Nf3 Nc6 3. d4 exd4 4. Bc4 Bc5 5. c3 Qe7 6. O-O d6 7. cxd4 Bb6 8. h3
Bd7 9. Nc3 O-O-O 10. Nd5 Qf8 11. b4 Nf6 12. a4 a6 13. Nxb6+ cxb6 14. b5 Na5 15.
Bd3 Kb8 16. Ba3 Bc8 17. e5 Ne8 18. Qb1 g6 19. bxa6 Ka7 20. Qb2 bxa6 21. Rfb1 b5
22. axb5 Be6 23. d5 Bd7 24. bxa6 1-0

[Event "V Open B"]
[Site "Assisi ITA"]
[Date "2010.12.17"]
[Round "1"]
[White "Malek, Dellair"]
[Black "Balducci, Alessandro"]
[Result "1-0"]
[WhiteElo "2122"]
[BlackElo "1743"]
[PlyCount "65"]
[EventDate "2010.12.17"]

1. c4 Nf6 2. g3 d5 3. cxd5 Nxd5 4. Bg2 e6 5. Nf3 Nc6 6. O-O Be7 7. Nc3 O-O 8.
d4 Bf6 9. Ne4 Be7 10. a3 a5 11. Qc2 Bd7 12. Rd1 Na7 13. Bg5 f6 14. Bd2 Nb5 15.
Rac1 Bc6 16. Be1 Qe8 17. Ned2 Nd6 18. Nb1 Qf7 19. Nc3 Rfc8 20. Na4 Bb5 21. Nc5
b6 22. e4 Ne3 23. fxe3 bxc5 24. Bf2 Qg6 25. Nh4 Qg5 26. e5 Nc4 27. Bxa8 Rxa8
28. Qe4 Rd8 29. Nf3 Qh6 30. dxc5 Rxd1+ 31. Rxd1 Bxc5 32. exf6 Nxe3 33. Qxe6+
1-0

[Event "V Open B"]
[Site "Assisi ITA"]
[Date "2010.12.17"]
[Round "1"]
[White "Ognibene, Piero"]
[Black "Schintu, Enrico"]
[Result "1-0"]
[WhiteElo "1891"]
[BlackElo "1700"]
[PlyCount "77"]
[EventDate "2010.12.17"]

1. d4 Nf6 2. c4 g6 3. Nc3 Bg7 4. Nf3 O-O 5. Bg5 d6 6. e3 Nbd7 7. Be2 c5 8. O-O
b6 9. Rc1 a6 10. Nd2 Qc7 11. Bf3 Rb8 12. Nde4 cxd4 13. Qxd4 Nxe4 14. Qxe4 Bb7
15. Nd5 Bxd5 16. cxd5 Nc5 17. Qxe7 Qxe7 18. Bxe7 Rfe8 19. Bxd6 Bxb2 20. Rc2 Be5
21. Bxb8 Rxb8 22. Rb1 f5 23. g3 Kf7 24. Rc4 Bd6 25. a4 Kf6 26. Rbc1 Ke5 27.
R1c3 Ne4 28. Bxe4 fxe4 29. Rc8 Rb7 30. Ra8 a5 31. Rb3 Kxd5 32. Rxa5+ Kc4 33.
Rab5 Ra7 34. Rxb6 Rxa4 35. Rb1 Kc5 36. Rb7 h6 37. Rg7 g5 38. Rd1 Be5 39. Rg6
1-0

[Event "V Open B"]
[Site "Assisi ITA"]
[Date "2010.12.17"]
[Round "1"]
[White "Orlacchio, Giorgio"]
[Black "Marcugini, Stefano"]
[Result "1/2-1/2"]
[WhiteElo "1428"]
[BlackElo "1834"]
[PlyCount "76"]
[EventDate "2010.12.17"]

1. d4 g6 2. c4 Nf6 3. Nc3 Bg7 4. e4 d6 5. Be3 O-O 6. Bd3 e5 7. d5 a5 8. Qd2
Nbd7 9. Bh6 Nc5 10. Bxg7 Kxg7 11. Nge2 Ne8 12. O-O f5 13. f4 Nxd3 14. Qxd3 fxe4
15. Qxe4 Nf6 16. Qe3 Ng4 17. Qg3 Qe7 18. fxe5 Rxf1+ 19. Rxf1 Qxe5 20. h3 Qe3+
21. Qxe3 Nxe3 22. Rf4 Bd7 23. Kf2 Nf5 24. g4 Nh4 25. Ne4 h6 26. Kg3 g5 27. Rf2
Ng6 28. Nf6 Ne5 29. Nxd7 Nxd7 30. Nd4 Rc8 31. Nf5+ Kh7 32. Nxd6 cxd6 33. Rf7+
Kg8 34. Rxd7 Rxc4 35. Rxd6 Rc5 36. Rb6 Rxd5 37. Rxb7 Rd3+ 38. Kg2 Rd2+ 1/2-1/2

[Event "V Open B"]
[Site "Assisi ITA"]
[Date "2010.12.17"]
[Round "1"]
[White "Paragliola, Gennaro"]
[Black "Vincenzi, Marco"]
[Result "0-1"]
[WhiteElo "1614"]
[BlackElo "2097"]
[PlyCount "58"]
[EventDate "2010.12.17"]

1. d4 Nf6 2. c4 g6 3. Nc3 d5 4. Bg5 Ne4 5. Nxe4 dxe4 6. e3 Bg7 7. Ne2 c5 8. Rb1
Nc6 9. dxc5 Qa5+ 10. Nc3 Bxc3+ 11. bxc3 Qxc3+ 12. Qd2 Qxd2+ 13. Kxd2 Bg4 14. h3
O-O-O+ 15. Kc3 Bd1 16. Rb2 a5 17. Be2 Bxe2 18. Rxe2 Rd3+ 19. Kb2 a4 20. Rc1 a3+
21. Ka1 Rhd8 22. Ree1 Rd2 23. Bh4 Nb4 24. Bxe7 Rxa2+ 25. Kb1 Rdd2 26. Bf6 Rxf2
27. Rf1 Rxg2 28. Bc3 Nd3 29. Rce1 f5 0-1

[Event "V Open B"]
[Site "Assisi ITA"]
[Date "2010.12.17"]
[Round "1"]
[White "Radatti, Michele"]
[Black "Sorbelli, Massimo"]
[Result "0-1"]
[WhiteElo "1449"]
[BlackElo "1899"]
[PlyCount "58"]
[EventDate "2010.12.17"]

1. e4 c5 2. Nf3 Nc6 3. d4 cxd4 4. Nxd4 e6 5. Nc3 Bb4 6. Nde2 Nf6 7. Bd2 O-O 8.
a3 Ba5 9. Ng3 d5 10. Bd3 Ne5 11. O-O Nxd3 12. cxd3 d4 13. Nce2 Bc7 14. Bg5 e5
15. Nh5 Bg4 16. Nxf6+ gxf6 17. Bh6 Re8 18. f3 Be6 19. Qe1 Kh8 20. Qh4 Rg8 21.
Rac1 Bd6 22. Qh5 Qb6 23. b4 a5 24. Qh4 Be7 25. Rb1 axb4 26. Rxb4 Qa6 27. Rfb1
Qxd3 28. Rxb7 Qxe2 29. Rxe7 Qxg2# 0-1

[Event "V Open B"]
[Site "Assisi ITA"]
[Date "2010.12.17"]
[Round "1"]
[White "Romano, Claudio"]
[Black "Fierro Baquero, Martha Lorena"]
[Result "0-1"]
[WhiteElo "1749"]
[BlackElo "2363"]
[PlyCount "52"]
[EventDate "2010.12.17"]

1. d4 g6 2. c4 Bg7 3. Nf3 d6 4. Nc3 Nf6 5. Bg5 Nbd7 6. e4 h6 7. Bh4 e5 8. dxe5
dxe5 9. Bg3 Nh5 10. Ne2 O-O 11. Nd2 Nc5 12. Nc3 Nf4 13. Bxf4 exf4 14. Qc2 c6
15. Rd1 Qe7 16. Be2 Qg5 17. Rg1 Qh4 18. Nf3 Qe7 19. b4 Bxc3+ 20. Qxc3 Nxe4 21.
Qc2 Qxb4+ 22. Kf1 Nc3 23. Qd2 a5 24. Qxf4 Nxd1 25. Qxh6 Qb1 26. g3 Ne3# 0-1

[Event "V Open B"]
[Site "Assisi ITA"]
[Date "2010.12.17"]
[Round "1"]
[White "Rybytskyi, Stepan"]
[Black "Trasciatti, Mirko"]
[Result "0-1"]
[WhiteElo "1536"]
[BlackElo "1921"]
[PlyCount "68"]
[EventDate "2010.12.17"]

1. e4 e6 2. Nc3 d5 3. exd5 exd5 4. d4 Nf6 5. h3 Bf5 6. Nf3 c6 7. Bd3 Bxd3 8.
Qxd3 Bd6 9. O-O O-O 10. Bg5 Nbd7 11. Rfe1 Qc7 12. Ne2 Rfe8 13. Bh4 Ne4 14. Nd2
Nxd2 15. Qxd2 Re4 16. Bg3 Rae8 17. Bxd6 Qxd6 18. Ng3 Rxe1+ 19. Rxe1 Re6 20. Nf5
Qc7 21. Re3 Nf6 22. Rg3 g6 23. Re3 gxf5 24. Rg3+ Kf8 25. Qg5 Re1+ 26. Kh2 Ne4
27. Qxf5 Qxg3+ 28. fxg3 Rh1+ 29. Kxh1 Nxg3+ 30. Kg1 Nxf5 31. c3 Ne3 32. b3 Ke7
33. g4 Kf6 34. c4 dxc4 0-1

[Event "V Open B"]
[Site "Assisi ITA"]
[Date "2010.12.17"]
[Round "1"]
[White "Tortolini, Francesco"]
[Black "Pulcini, Lorenzo"]
[Result "1-0"]
[WhiteElo "1914"]
[BlackElo "1515"]
[PlyCount "77"]
[EventDate "2010.12.17"]

1. e4 c6 2. d4 d5 3. Nc3 dxe4 4. Nxe4 Bf5 5. Ng3 Bg6 6. Nf3 Nd7 7. h4 h6 8. h5
Bh7 9. Bd3 Bxd3 10. Qxd3 Ngf6 11. Bd2 Qc7 12. O-O-O e6 13. Ne4 Nxe4 14. Qxe4
O-O-O 15. Kb1 Bd6 16. g3 c5 17. Bc3 Nf6 18. Qe1 Qe7 19. Qe2 Nd5 20. Ba5 Bc7 21.
Bxc7 Qxc7 22. dxc5 Qxc5 23. Ne5 Qe7 24. Qc4+ Kb8 25. Qg4 Qc7 26. Rhe1 f6 27.
Ng6 Rhe8 28. c4 f5 29. Qe2 Nf6 30. Rxd8+ Qxd8 31. Rd1 Qc8 32. Ne5 Rd8 33. Rc1
Ne4 34. c5 Rd2 35. Qb5 Rd5 36. Nd3 Qc6 37. Qxc6 bxc6 38. Nb4 Rxc5 39. Na6+ 1-0

[Event "V Open B"]
[Site "Assisi ITA"]
[Date "2010.12.17"]
[Round "2"]
[White "Balducci, Alessandro"]
[Black "Orlacchio, Giorgio"]
[Result "1-0"]
[WhiteElo "1743"]
[BlackElo "1428"]
[PlyCount "79"]
[EventDate "2010.12.17"]

1. f4 e6 2. Nf3 d5 3. e3 Be7 4. b3 Bf6 5. d4 Nh6 6. Bd3 c5 7. c3 Nd7 8. O-O O-O
9. Ba3 Be7 10. Nbd2 Ng4 11. Qe2 Qa5 12. Bb2 cxd4 13. cxd4 Bb4 14. h3 Nh6 15. a3
Bd6 16. b4 Qd8 17. Rac1 Nb6 18. Rc2 Bd7 19. Rfc1 Rc8 20. Nb3 Ba4 21. Rxc8 Nxc8
22. Nc5 Bc6 23. b5 Bd7 24. Nxb7 Qe7 25. Nxd6 Nxd6 26. Ne5 Nhf5 27. Rc7 Rd8 28.
Nc6 Qe8 29. Nxd8 Qxd8 30. Rxa7 Bxb5 31. Bxb5 h6 32. a4 Qb6 33. Ra8+ Kh7 34. Qc2
g6 35. Ra6 Qd8 36. Bc1 Qh4 37. Qf2 Qe7 38. Ba3 Qb7 39. Bxd6 Nxd6 40. Rxd6 1-0

[Event "V Open B"]
[Site "Assisi ITA"]
[Date "2010.12.17"]
[Round "2"]
[White "Bassini, Massimo"]
[Black "Radatti, Michele"]
[Result "1-0"]
[WhiteElo "1562"]
[BlackElo "1449"]
[PlyCount "125"]
[EventDate "2010.12.17"]

1. d4 Nf6 2. Nf3 d5 3. c4 e6 4. Nc3 Be7 5. Bf4 O-O 6. e3 c5 7. dxc5 Bxc5 8.
cxd5 exd5 9. Bg5 Be6 10. Be2 Nc6 11. O-O Be7 12. a3 h6 13. Bh4 a6 14. Qc2 Rc8
15. Rad1 Qc7 16. Bxf6 Bxf6 17. Nxd5 Bxd5 18. Rxd5 Qe7 19. Qd2 Rfd8 20. Rxd8+
Rxd8 21. Qc2 Qe6 22. Rd1 Rc8 23. Qb1 Qb3 24. Rd2 Nd8 25. Nd4 Qa4 26. h3 Nc6 27.
Qc2 Qa5 28. Bf3 Rd8 29. Bxc6 bxc6 30. Qd1 Rc8 31. Rc2 c5 32. Qc1 c4 33. b4 Qd5
34. Qd2 Kf8 35. Nb3 Qxd2 36. Nxd2 c3 37. Ne4 Ke7 38. Kf1 g5 39. Ke2 Bg7 40. Kd3
Rd8+ 41. Kc4 f5 42. Nxc3 Rc8+ 43. Kb3 Kd6 44. Na4 Rc7 45. Rxc7 Kxc7 46. Kc4 Kc6
47. Nc5 Bb2 48. a4 Ba3 49. b5+ axb5+ 50. axb5+ Kc7 51. Ne6+ Kb6 52. Nd4 f4 53.
exf4 gxf4 54. f3 h5 55. Ne6 Bc1 56. Ng7 h4 57. Nf5 Bb2 58. Nxh4 Bf6 59. Nf5 Kc7
60. h4 Kb7 61. h5 Kc7 62. h6 Kb6 63. h7 1-0

[Event "V Open B"]
[Site "Assisi ITA"]
[Date "2010.12.17"]
[Round "2"]
[White "Bertolini, Ettore"]
[Black "Kehrel, Eike"]
[Result "1/2-1/2"]
[WhiteElo "1817"]
[BlackElo "2072"]
[PlyCount "51"]
[EventDate "2010.12.17"]

1. e4 c5 2. Nf3 Nc6 3. d4 cxd4 4. Nxd4 g6 5. Nc3 Bg7 6. Be3 Nf6 7. Be2 O-O 8.
O-O d5 9. Nxc6 bxc6 10. e5 Ne8 11. f4 Nc7 12. Bf3 Ne6 13. Ne2 Ba6 14. c3 f6 15.
Bg4 f5 16. Bf3 g5 17. g3 g4 18. Bg2 Rf7 19. Rf2 Bxe2 20. Rxe2 Nc7 21. Qa4 Qd7
22. c4 e6 23. cxd5 cxd5 24. Qxd7 Rxd7 25. Rc2 Kf7 26. Bf1 1/2-1/2